|
|
|
|
| LEADER |
00000nam0a2200000 4500 |
| 001 |
378060 |
| 005 |
20231102012957.0 |
| 035 |
|
|
|a (RuTPU)RU\TPU\retro\35515
|
| 035 |
|
|
|a RU\TPU\book\294954
|
| 090 |
|
|
|a 378060
|
| 100 |
|
|
|a 20230515d1976 k y0rusy50 ca
|
| 101 |
0 |
|
|a rus
|
| 102 |
|
|
|a RU
|
| 105 |
|
|
|a a z 001zb
|
| 200 |
1 |
|
|a Золото и редкие элементы в геохимических процессах
|d Gold and rare-elements in the geochemical process
|e [сборник статей]
|f Академия наук СССР (АН СССР), Сибирское отделение (СО), Институт геологии и геофизики (ИГиГ) ; отв. ред. Ю. Г. Щербаков
|
| 210 |
|
|
|a Новосибирск
|c Наука
|d 1976
|
| 215 |
|
|
|a 312 с.
|c ил.
|
| 225 |
1 |
|
|a Труды Института геологии и геофизики
|v Т. 255
|
| 320 |
|
|
|a Библиогр. в конце разд.
|
| 510 |
1 |
|
|a Gold and rare-elements in the geochemical process
|z eng
|
| 600 |
|
1 |
|a Шахов
|g Феликс Николаевич
|b Ф. Н.
|c российский геолог
|c профессор Томского политехнического института
|f 1894-1971
|y Томск
|2 stltpush
|3 (RuTPU)RU\TPU\pers\505
|
| 606 |
1 |
|
|a Золото
|x Геохимия
|2 stltpush
|3 (RuTPU)RU\TPU\subj\66532
|9 82618
|
| 606 |
1 |
|
|a Редкие элементы
|x Геохимия
|2 stltpush
|3 (RuTPU)RU\TPU\subj\24247
|9 48650
|
| 610 |
1 |
|
|a эндогенное рудообразование
|
| 610 |
1 |
|
|a месторождения
|
| 610 |
1 |
|
|a магматизм
|
| 610 |
1 |
|
|a метаморфизм
|
| 610 |
1 |
|
|a рудные элементы
|
| 610 |
1 |
|
|a Кузнецкий Алатау
|
| 610 |
1 |
|
|a Забайкалье
|
| 610 |
1 |
|
|a Камчатка
|
| 610 |
1 |
|
|a Узбекистан
|
| 610 |
1 |
|
|a спектрохимический анализ
|
| 610 |
1 |
|
|a гипергенез
|
| 675 |
|
|
|a 550.42:546.4/.5
|v 3
|
| 675 |
|
|
|a 550.42:546.3
|v 3
|
| 702 |
|
1 |
|a Щербаков
|b Ю. Г.
|c гл. науч. сотрудник ОИГГиМ СО РАН
|c академик ПАНИ
|f 1927-
|g Юрий Гаврилович
|2 stltpush
|3 (RuTPU)RU\TPU\pers\26695
|4 340
|9 12353
|
| 712 |
0 |
2 |
|a Академия наук СССР (АН СССР)
|b Сибирское отделение (СО)
|b Институт геологии и геофизики (ИГиГ)
|c (Новосибирск)
|2 stltpush
|3 (RuTPU)RU\TPU\col\128
|
| 801 |
|
1 |
|a RU
|b 63413507
|c 20141010
|
| 801 |
|
2 |
|a RU
|b 63413507
|c 20230515
|g RCR
|
| 942 |
|
|
|c BK
|